<?xml version="1.0" encoding="UTF-8"?>
<record
    xmlns:xsi="http://www.w3.org/2001/XMLSchema-instance"
    xsi:schemaLocation="http://www.loc.gov/MARC21/slim http://www.loc.gov/standards/marcxml/schema/MARC21slim.xsd"
    xmlns="http://www.loc.gov/MARC21/slim">

  <leader>01361nam0a2200349 i 4500</leader>
  <controlfield tag="001">RU\NLR\BIBL_A\010414054</controlfield>
  <controlfield tag="005">20260406094540.0</controlfield>
  <datafield tag="010" ind1=" " ind2=" ">
    <subfield code="a">9785000571002</subfield>
    <subfield code="9">4000</subfield>
  </datafield>
  <datafield tag="021" ind1=" " ind2=" ">
    <subfield code="a">RU</subfield>
    <subfield code="b">2014-36049</subfield>
    <subfield code="9">2199</subfield>
  </datafield>
  <datafield tag="035" ind1=" " ind2=" ">
    <subfield code="a">(NILC)RuMoRGB-007492042</subfield>
  </datafield>
  <datafield tag="035" ind1=" " ind2=" ">
    <subfield code="a">(NLR Aleph) 010414054</subfield>
  </datafield>
  <datafield tag="090" ind1=" " ind2=" ">
    <subfield code="a">9777137</subfield>
    <subfield code="c">9777137</subfield>
  </datafield>
  <datafield tag="100" ind1=" " ind2=" ">
    <subfield code="a">20140709d2014    u  y0rusy50      ca</subfield>
  </datafield>
  <datafield tag="101" ind1="1" ind2=" ">
    <subfield code="a">rus</subfield>
    <subfield code="c">eng</subfield>
  </datafield>
  <datafield tag="102" ind1=" " ind2=" ">
    <subfield code="a">RU</subfield>
  </datafield>
  <datafield tag="105" ind1=" " ind2=" ">
    <subfield code="a">c|||z|||001yy</subfield>
  </datafield>
  <datafield tag="200" ind1="1" ind2=" ">
    <subfield code="a">&#x41C;&#x43E;&#x442;&#x438;&#x432;&#x430;&#x446;&#x438;&#x44F;</subfield>
    <subfield code="f">&#x411;&#x440;&#x430;&#x439;&#x430;&#x43D; &#x422;&#x440;&#x435;&#x439;&#x441;&#x438;</subfield>
    <subfield code="g">[&#x43F;&#x435;&#x440;. &#x441; &#x430;&#x43D;&#x433;&#x43B;. &#x415;&#x43B;&#x435;&#x43D;&#x44B; &#x418;&#x432;&#x447;&#x435;&#x43D;&#x43A;&#x43E;]</subfield>
  </datafield>
  <datafield tag="210" ind1=" " ind2=" ">
    <subfield code="a">&#x41C;&#x43E;&#x441;&#x43A;&#x432;&#x430;</subfield>
    <subfield code="c">&#x41C;&#x430;&#x43D;&#x43D;, &#x418;&#x432;&#x430;&#x43D;&#x43E;&#x432; &#x438; &#x424;&#x435;&#x440;&#x431;&#x435;&#x440;</subfield>
    <subfield code="d">2014</subfield>
  </datafield>
  <datafield tag="215" ind1=" " ind2=" ">
    <subfield code="a">128 &#x441;.</subfield>
    <subfield code="c">&#x43F;&#x43E;&#x440;&#x442;&#x440;.</subfield>
    <subfield code="d">21</subfield>
  </datafield>
  <datafield tag="300" ind1=" " ind2=" ">
    <subfield code="a">&#x417;&#x430;&#x433;&#x43B;. &#x438; &#x430;&#x432;&#x442;. &#x43E;&#x440;&#x438;&#x433;.: Motivation / Brian Tracy</subfield>
  </datafield>
  <datafield tag="320" ind1=" " ind2=" ">
    <subfield code="a">&#x414;&#x440;. &#x43F;&#x440;&#x43E;&#x438;&#x437;&#x432;&#x435;&#x434;&#x435;&#x43D;&#x438;&#x44F; &#x430;&#x432;&#x442;. &#x43D;&#x430; 3-&#x439; &#x441;.</subfield>
  </datafield>
  <datafield tag="454" ind1=" " ind2="0">
    <subfield code="1">2001#$aMotivation$fBrian Tracy</subfield>
    <subfield code="1">700#1$aTracy$bB.$f1944-$gBrian$3RU\NLR\AUTH\7769296</subfield>
    <subfield code="t">Motivation</subfield>
    <subfield code="a">Tracy, Brian (1944-)</subfield>
  </datafield>
  <datafield tag="606" ind1=" " ind2=" ">
    <subfield code="a">&#x41A;&#x430;&#x434;&#x440;&#x44B;</subfield>
    <subfield code="x">&#x422;&#x440;&#x443;&#x434;</subfield>
    <subfield code="x">&#x41C;&#x43E;&#x442;&#x438;&#x432;&#x430;&#x446;&#x438;&#x44F;</subfield>
    <subfield code="9">2180954</subfield>
    <subfield code="3">RU\NLR\AUTH\661311546</subfield>
  </datafield>
  <datafield tag="610" ind1="0" ind2=" ">
    <subfield code="a">&#x43C;&#x43E;&#x442;&#x438;&#x432;&#x430;&#x446;&#x438;&#x44F;</subfield>
  </datafield>
  <datafield tag="686" ind1="1" ind2=" ">
    <subfield code="a">&#x421;550.44</subfield>
  </datafield>
  <datafield tag="700" ind1=" " ind2="1">
    <subfield code="8">rus</subfield>
    <subfield code="7">ca</subfield>
    <subfield code="a">&#x422;&#x440;&#x435;&#x439;&#x441;&#x438;</subfield>
    <subfield code="b">&#x411;.</subfield>
    <subfield code="f">1944-</subfield>
    <subfield code="g">&#x411;&#x440;&#x430;&#x439;&#x430;&#x43D;</subfield>
    <subfield code="3">RU\NLR\AUTH\7769295</subfield>
    <subfield code="9">52223</subfield>
  </datafield>
  <datafield tag="801" ind1=" " ind2="0">
    <subfield code="a">RU</subfield>
    <subfield code="b">&#x420;&#x413;&#x411;</subfield>
    <subfield code="c">20140519</subfield>
    <subfield code="g">RCR</subfield>
  </datafield>
  <datafield tag="801" ind1=" " ind2="1">
    <subfield code="a">RU</subfield>
    <subfield code="b">&#x420;&#x413;&#x411;</subfield>
    <subfield code="c">20140519</subfield>
    <subfield code="2">rusmarc</subfield>
  </datafield>
  <datafield tag="942" ind1=" " ind2=" ">
    <subfield code="c">BOOK</subfield>
  </datafield>
  <datafield tag="980" ind1=" " ind2=" ">
    <subfield code="a">NBR</subfield>
  </datafield>
</record>
